|
|
|
|
| LEADER |
01475nam a2200397 a 4500 |
| 001 |
EBC863108 |
| 003 |
MiAaPQ |
| 005 |
20200520144314.0 |
| 006 |
m o d | |
| 007 |
cr cn||||||||| |
| 008 |
111116s2012 flua sb 000 0 eng d |
| 010 |
|
|
|z 2011046924
|
| 020 |
|
|
|z 9781439878774
|
| 020 |
|
|
|a 9781439878781 (electronic bk.)
|
| 035 |
|
|
|a (MiAaPQ)EBC863108
|
| 035 |
|
|
|a (Au-PeEL)EBL863108
|
| 035 |
|
|
|a (CaPaEBR)ebr10534299
|
| 035 |
|
|
|a (CaONFJC)MIL544641
|
| 035 |
|
|
|a (OCoLC)778448451
|
| 040 |
|
|
|a MiAaPQ
|c MiAaPQ
|d MiAaPQ
|
| 050 |
|
4 |
|a HD30.28
|b .H3734 2012
|
| 082 |
0 |
4 |
|a 658.4/01
|2 23
|
| 100 |
1 |
|
|a Harrington, H. J.
|q (H. James)
|
| 245 |
1 |
4 |
|a The organizational master plan handbook
|h [electronic resource] :
|b a catalyst for performance planning and results /
|c H. James Harrington, Frank Voehl.
|
| 260 |
|
|
|a Boca Raton :
|b CRC Press,
|c c2012.
|
| 300 |
|
|
|a xxxiv, 234 p. :
|b ill.
|
| 504 |
|
|
|a Includes bibliographical references.
|
| 533 |
|
|
|a Electronic reproduction. Ann Arbor, MI : ProQuest, 2015. Available via World Wide Web. Access may be limited to ProQuest affiliated libraries.
|
| 650 |
|
0 |
|a Strategic planning.
|
| 650 |
|
0 |
|a Organizational change.
|
| 650 |
|
0 |
|a Organizational effectiveness.
|
| 650 |
|
0 |
|a Industrial productivity.
|
| 655 |
|
4 |
|a Electronic books.
|
| 700 |
1 |
|
|a Voehl, Frank,
|d 1946-
|
| 710 |
2 |
|
|a ProQuest (Firm)
|
| 856 |
4 |
0 |
|u https://ebookcentral.proquest.com/lib/matrademy/detail.action?docID=863108
|z Click to View
|